| 000 | 01478cam a2200385 i 4500 | ||
|---|---|---|---|
| 001 | 145075 | ||
| 003 | ARRUPE | ||
| 005 | 20150717134231.0 | ||
| 008 | 830311s1980 ne b 101 0 eng | ||
| 010 | _a 80016945 | ||
| 020 | _a9027710929 | ||
| 020 | _a9027710937 (pbk.) | ||
| 035 | _a(OCoLC)6421251 | ||
| 035 | _a(OCoLC)ocm06421251 | ||
| 035 | _a(CStRLIN)NYCG83-B18797 | ||
| 035 | _a(NNC)145075 | ||
| 040 | _cDCL | ||
| 050 | 0 |
_aQ174 _b.B67 |
|
| 082 |
_a501 s _a507.2 |
||
| 100 |
_aNickles, Thomas _918410 |
||
| 245 | 1 | 0 |
_aScientific discovery, case studies / _cedited by Thomas Nickles. |
| 260 |
_aDordrecht, Holland ; _aBoston : _bD. Reidel Pub. Co. ; _aHingham, MA : _bsold and distributed in the U.S.A. and Canada by Kluwer Boston, _cc1980. |
||
| 300 |
_axxv, 379 p. ; _c23 cm. |
||
| 490 | 1 |
_aBoston studies in the philosophy of science ; _vv. 60 |
|
| 500 | _aCompanion volume to the Conference's Scientific discovery, logic, and rationality, which contains a separate selection of papers from the Conference. | ||
| 504 | _aIncludes bibliographies and indexes. | ||
| 650 | 0 |
_aScience _xPhilosophy _vCongresses. _911411 |
|
| 650 | 0 |
_aScience _xHistory _vCongresses. _918411 |
|
| 650 | 0 |
_aInventions _xPhilosophy _vCongresses. _918412 |
|
| 650 | 0 |
_aInventions _xHistory _vCongresses. _918413 |
|
| 700 | 1 |
_aNickles, Thomas, _d1943- _918414 |
|
| 830 | 0 |
_aBoston studies in the philosophy of science ; _vv. 60. _918415 |
|
| 942 |
_2lcc _cMONOGRAPH |
||
| 999 |
_c123003 _d123003 |
||